LEADER 01390nam a2200289 u 4500 001 000000079597 003 CaOOAMICUS 005 20070226123545.0 008 040608s2003 sz u000 u fre u 020 $a2830911067 035 $a10998255 040 $aPUL$bita 245 03$aLa Bible en récits :$bl'exégèse biblique à l'heure du lecteur : colloque international d'analyse narrative des textes de la Bible, Lausanne (mars 2002) /$cDaniel Marguerat éd. 260 $aGenève :$bLabor et Fides,$cc2003. 300 $a461 p. ;$c22 cm 490 1 $aLe monde de la Bible ;$v48 500 $aIndice in appendice. 504 $aBibliografia in nota. 630 04$aBiblia$xCritica e interpretazione.$0(OLS)http://pul/subject/2023 700 1 $aMarguerat, Daniel.$0(OLS)http://pul/name/53016 830 3$aLe monde de la Bible ;$v48.$0(OLS)http://pul/title/19587 850 $aPUL 852 $aPUL$W1$xSL Religione 3$y85$m220. 66 MARDA 1$j101831$nBK-PRI$qDDC 21$B101831$CPULBib$Z2$F101831 $H94689 $82 941 1 $a9 996 $6020$a2830911067$9(OLS)http://pul/number/104749 996 $6245$aLa Bible en récits :$bl'exégèse biblique à l'heure du lecteur : colloque international d'analyse narrative des textes de la Bible, Lausanne (mars 2002)$9(OLS)http://pul/title/104243 996 $6260$aGenève :$bLabor et Fides$9(OLS)http://pul/publisher/61349 LEADER 01393nam a2200289 u 4500 001 000000080642 003 CaOOAMICUS 005 20130206145932.0 008 050117s2003 it u000 u ger u 035 $a11022242 040 $aPUL$bita 100 1 $aGoldschmidt, Christoph.$0(OLS)http://pul/name/53764 245 10$aEinheit bei Pierre de Bérulle :$bmit einem Ausblick auf Charles Journet /$cChristoph Goldschmidt. 260 $aRomae :$b[s.n.],$c2003. 300 $a263 p.$c24 cm 500 $aIn testa al front.: "Pontificia Studiorum Universitas a S. Thoma Aq. in Urbe". 502 $aDiss. ad lauream -- Pontificia Universitas S. Thomae in Urbe. Facultas theologiae. 504 $aBibliografia : p. 253-263. 600 14$aBérulle, Pierre de,$ccard.,$d1575-1629.$0(OLS)http://pul/subject/10090 600 14$aJournet, Charles,$ccard.,$d1891-1975.$0(OLS)http://pul/subject/19153 710 2 $aPontificia Studiorum Universitas a Sancto Thoma Aquinate in Urbe.$0(OLS)http://pul/name/1609 850 $aPUL 852 $aPUL$W1$xDP1 Tesi Pon. Univ. S. Tommaso$y44$m2003 B 16$j143062$nBK-PRI$qTesi$B102990$CPULBib$Z2$F102990 $H96867 $82 941 1 $a16 996 $6245$aEinheit bei Pierre de Bérulle :$bmit einem Ausblick auf Charles Journet$9(OLS)http://pul/title/105595 996 $6260$aRomae :$b[s.n.]$9(OLS)http://pul/publisher/48223